000 00314nam a2200145Ia 4500
100 _aKrishnamurthy/K.A/ Raghavan/S/V
250 _a2
942 _cBK
654 _aelectrical
245 _aElectrical
260 _bNew Age Interational Ltd.
_c2001
082 _a621.3
_bKRI
300 _a516
546 _aENGLISH
999 _c19789
_d19789